О любви; Новеллы: пер. с фр.

Bibliographic Details
Main Author: Стендаль
Other Authors: Мильчина В. А. (автор предисловия), Дурасов Л. П. (иллюстратор)
Language:Russian
Published: Москва, Правда, 1989
Subjects:
Format: Book
KOHA link:https://koha.lib.tpu.ru/cgi-bin/koha/opac-detail.pl?biblionumber=81333

MARC

LEADER 00000nam0a2200000 4500
001 81333
005 20231101213150.0
020 |a RU  |b 89-65907 
035 |a (RuTPU)RU\TPU\book\87433 
090 |a 81333 
100 |a 20050920d1989 m y0rusy5003 ca 
101 1 |a rus  |c fre 
102 |a RU 
105 |a y z 000ay 
200 1 |a О любви; Новеллы  |e пер. с фр.  |f Стендаль  |g [сост., вступ. ст. и примеч. В. А. Мильчиной; Иллюстрации Л. П. Дурасова] 
210 |a Москва  |c Правда  |d 1989 
215 |a 528 с.  |d 21 см 
327 1 |a Содерж.: О любви; Новеллы: Минна фон Вангель; Сундук и привидение; Любовный напиток; Федер 
610 1 |a французская литература 
610 1 |a любовь 
610 1 |a любовные романы 
610 1 |a новеллы 
675 |a 84  |z rus 
700 1 |a Стендаль  |c настоящее имя и фамилия Анри Мари Бейль  |c французский писатель  |f 1783-1842  |2 stltpush  |3 (RuTPU)RU\TPU\pers\442  |9 217 
702 1 |a Мильчина  |b В. А.  |4 080 
702 1 |a Дурасов  |b Л. П.  |4 440 
801 0 |a RU  |b RuMRKP  |c 19950417  |g psbo 
801 1 |a RU  |b 63413507  |c 20050920  |g PSBO 
801 2 |a RU  |b 63413507  |c 20171211  |g PSBO 
942 |c BK